La tienda de muñecos / (Record no. 8260)
[ view plain ]
| 000 -CABECERA | |
|---|---|
| campo de control de longitud fija | 00681cam a2200229 a 4500 |
| 001 - NÚMERO DE CONTROL | |
| campo de control | 000008489 |
| 005 - FECHA Y HORA DE LA ÚLTIMA TRANSACCIÓN | |
| campo de control | 20200929161341.0 |
| 008 - DATOS DE LONGITUD FIJA--INFORMACIÓN GENERAL | |
| campo de control de longitud fija | 831015s1976 ve 000 j spa |
| 040 ## - FUENTE DE LA CATALOGACIÓN | |
| Centro catalogador/agencia de origen | DO-SdBNP |
| Centro/agencia transcriptor | DLC |
| Centro/agencia modificador | DLC |
| 082 ## - NÚMERO DE LA CLASIFICACIÓN DECIMAL DEWEY | |
| Número de clasificación | V863.42 |
| Número de documento/Ítem | G233t, 1970. |
| 049 ## - FONDOS LOCALES (OCLC) | |
| Fondos de biblioteca | BNGR |
| 100 1# - ENTRADA PRINCIPAL--NOMBRE DE PERSONA | |
| Nombre de persona | Garmendia, Julio, |
| Fechas asociadas al nombre | 1898-1977. |
| 9 (RLIN) | 22805 |
| 245 13 - MENCIÓN DE TÍTULO | |
| Título | La tienda de muñecos / |
| Mención de responsabilidad, etc. | Julio Garmendia. |
| 250 ## - MENCIÓN DE EDICIÓN | |
| Mención de edición | 4a ed. |
| 260 ## - PUBLICACIÓN, DISTRIBUCIÓN, ETC. | |
| Lugar de publicación, distribución, etc. | Caracas, Venezuela : |
| Nombre del editor, distribuidor, etc. | Monte Ávila, |
| Fecha de publicación, distribución, etc. | 1976. |
| 300 ## - DESCRIPCIÓN FÍSICA | |
| Extensión | 102 p. ; : |
| Otras características físicas | 18 cm. |
| 490 1# - MENCIÓN DE SERIE | |
| Mención de serie | Letra viva |
| 650 #4 - PUNTO DE ACCESO ADICIONAL DE MATERIA--TÉRMINO DE MATERIA | |
| Término de materia o nombre geográfico como elemento de entrada | Cuentos venezolanos |
| 9 (RLIN) | 3815 |
| 650 #4 - PUNTO DE ACCESO ADICIONAL DE MATERIA--TÉRMINO DE MATERIA | |
| Término de materia o nombre geográfico como elemento de entrada | Literatura venezolana |
| Subdivisión cronológica | SIGLO XX |
| 9 (RLIN) | 9777 |
| 830 #0 - PUNTO DE ACCESO ADICIONAL DE SERIE-TÍTULO UNIFORME | |
| Título uniforme | Letra viva. |
| 9 (RLIN) | 5252 |
| 910 ## - DATOS DE OPCIÓN DEL USUARIO (OCLC) | |
| Datos de opción del usuario | Catalogación por copia / LC |
| Estado de retiro | Estado de pérdida | Restricciones de uso | No para préstamo | Código de colección | Localización permanente | Ubicación/localización actual | Ubicación en estantería | Fecha de adquisición | Número de inventario | Total de préstamos | Signatura topográfica completa | Código de barras | Fecha visto por última vez | Precio válido a partir de | Tipo de ítem Koha | Número de copia |
|---|---|---|---|---|---|---|---|---|---|---|---|---|---|---|---|---|
| Préstamo interno | Monografías: Libros y Folletos | General | General | En catalogación | 16.09.2009 | LF1 | V863.42 G233t, 1970. | 8489-10 | 25.06.2020 | 25.06.2020 | Préstamo interno | |||||
| Préstamo restringido | Préstamo restrigido | Monografías: Libros y Folletos | General | General | En catalogación | 18.09.2009 | LF1 | V863.42 G233t, 1970. | 8489-20 | 25.06.2020 | 25.06.2020 | Préstamo interno | e.2 |
